000 00987nam a2200265 a 4500
001 78296
003 BD-RjUL
005 20211209083120.0
008 210906s2005 bg ||||| m||| 00| 0 eng d
035 _a(BD-RjUL)78522
040 _aBD-RjUL
_beng
_dBD-RjUL
041 _aeng
082 _a155.02
_bEND 2005
_223
099 _a155.2
100 _aEnam, Shahuria
_9247406
245 1 0 _aDevelopment of self-concept as related to gender, age and residential bacground in socio-cultural context of Bangladesh /
_cby Shahuria Enam
_6Supervisor : M. Mozammel Huq
260 _aRajshahi :
_bDepartment of Psychology, R. U. ,
_c2005
300 _a[5], iv , [11], 308 leaves
_c29 cm
502 _aThesis (Ph. D.) --Department of Psychology, R. U., 2005
504 _aReferences : leaves 254 - 294
650 _aSelf Concept.
_9247903
650 _aSelf-perception in adolescence
_xSocial aspects
_zBangladesh
_9247904
700 _aHuq, M. Mozammel, Supervisor
_9247408
942 _2ddc
_cTHE
999 _c78296
_d78296